| 000 | 01012nam a22002297a 4500 | ||
|---|---|---|---|
| 005 | 20170731141007.0 | ||
| 010 | _a1617EN | ||
| 020 |
_a9788184957204 _c199.00 |
||
| 035 | _aB-649011-019 | ||
| 035 | _ab-667292 | ||
| 037 |
_adpl _bAakar |
||
| 082 | _a658.314 | ||
| 100 | _aHansen, Mark Victor | ||
| 245 |
_aThe master motivator : _cby Mark Victor Hansen [and] Joe Batten _bsecrets of inspiring leadership / |
||
| 260 |
_aMumbai _bJaico Publishing House _c2016 |
||
| 270 |
_aA-2 Jash Chambers, 7-A Sir Phirozshah Mehta Road, _bMumbai _e400 001 |
||
| 300 |
_a146p. _c22cm(pbk) |
||
| 700 | _aBatten, Joe | ||
| 942 |
_2ddc _cEN _mHAN _h658.314 |
||
| 999 |
_c102092 _d102092 |
||